The Spanish-American War, (Record no. 553428)
[ view plain ]
| 000 -LEADER | |
|---|---|
| fixed length control field | 00529cam a22001571 4500 |
| 082 ## - DEWEY DECIMAL CLASSIFICATION NUMBER | |
| Classification number | 973.89 |
| Author Mark | ALG |
| 100 1# - MAIN ENTRY--PERSONAL NAME | |
| Personal name | Alger, R. A. |
| 9 (RLIN) | 50671 |
| 245 14 - TITLE STATEMENT | |
| Title | The Spanish-American War, |
| Statement of responsibility, etc. | by R.A. Alger ... |
| 260 ## - PUBLICATION, DISTRIBUTION, ETC. | |
| Place of publication, distribution, etc. | New York, |
| -- | London, |
| Name of publisher, distributor, etc. | Harper & Bros., |
| Date of publication, distribution, etc. | 1901. |
| 300 ## - PHYSICAL DESCRIPTION | |
| Extent | vi, [1] p., 3 l., 465, [1] p. |
| Other physical details | front. (port.) maps. |
| Dimensions | 23 cm. |
| 526 ## - STUDY PROGRAM INFORMATION NOTE | |
| Program name | 0 |
| Interest level | 0 |
| Reading level | 0 |
| Title point value | 973_890000000000000_ALG |
| 650 #0 - SUBJECT ADDED ENTRY--TOPICAL TERM | |
| Topical term or geographic name entry element | MCE |
| 9 (RLIN) | 379 |
| 650 #0 - SUBJECT ADDED ENTRY--TOPICAL TERM | |
| Topical term or geographic name entry element | Spanish-American War, 1898. |
| 9 (RLIN) | 50672 |
| 856 41 - ELECTRONIC LOCATION AND ACCESS | |
| Uniform Resource Identifier | <a href="http://hdl.loc.gov/loc.gdc/scd0001.00016828889">http://hdl.loc.gov/loc.gdc/scd0001.00016828889</a> |
| 942 ## - ADDED ENTRY ELEMENTS (KOHA) | |
| Source of classification or shelving scheme | |
| Koha item type | Book |
| Withdrawn status | Lost status | Source of classification or shelving scheme | Damaged status | Not for loan | Permanent Location | Current Location | Shelving location | Date acquired | Total Checkouts | Full call number | Barcode | Date last seen | Price effective from | Koha item type |
|---|---|---|---|---|---|---|---|---|---|---|---|---|---|---|
| Military College of Engineering (MCE) | Military College of Engineering (MCE) | 02/10/2015 | 973.89 ALG | MCE-ECS/99 | 02/10/2015 | 02/10/2015 | Book |
